000 01183cam a22002411 4500
001 g 01002181
003 DLC
005 20260227111257.0
008 840927s1897 gw c b 00010dger
010 _ag 01002181 //r953
040 _aDLC/ICU
_cICU
_dDLC
050 0 0 _aQA3
_b.H58
100 1 0 _aHesse, Ludwig Otto,
_d1811-1874.
245 0 0 _aLudwig Otto Hesse's gesammelte werke.
_cHrsg. von der Mathematisch-physikalischen classe der Königlich bayerischen akademie der wissenschaften ...
260 0 _aMünchen,
_bVerlag der K. Akademie, In commission des G. Franz'schen verlags (J. Roth)
_c1897.
300 _aviii p., 1 l., 732 p.
_bfront. (port.)
_c30 x 24 cm.
500 _a"Otto Hesse's lebenslauf": p. [711]-722.
504 _a"Verzeichniss der selbständig erschienenen werke O. Hesse's": p. [723]
504 _a"Wissenschaftlicher nachlass O. Hesse's, im besitz des Mathematischen instituts der Technischen hochschule zu München": p. [724]-727.
504 _a"Manuscripte O. Hesse's im besitz der K. Hof- und staatsbibliothek zu München": p. [728]
650 0 _aMathematics.
710 2 0 _aBayerische Akademie der Wissenschaften.
_bMathematisch-Physikalische Klasse.
999 _c23923
_d23923